000 00587nam a2200217Ia 4500
005 20250508165023.0
008 008 250505s9999 xx 000 0 eng d
020 _a1-85109-0975
037 _aReference
040 _aFEDL
_beng
_cFEDL
041 _aeng
_2eng
084 _a030, CRY/RR
_qFEDL
100 _aCrystal David Ed.
245 0 _aCambridge concise encyclopedia
260 _aNew York, USA
_bCambridge University Press
_c1992
300 _avi,962p.
365 _aGBP
_b16.95
546 _aMACESE
942 _cREF
_h030, CRY/RR
999 _c1392702
_d1392702